| 000 | 00415nam a2200169Ia 4500 | ||
|---|---|---|---|
| 008 | 180207s9999 xx 000 0 und d | ||
| 020 | _a9780099562016 | ||
| 050 | _bR523 1996 | ||
| 100 | _aRichardson, John. | ||
| 245 | _aOld growler's last match / | ||
| 245 | _cJohn Richardson. | ||
| 260 | _aLondon : | ||
| 260 | _bRed Fox Book, | ||
| 260 | _c1996 | ||
| 300 | _aunpaged : | ||
| 300 | _bcolor illustration ; | ||
| 999 |
_c355105 _d355105 |
||